000 00341nam a22001457a 4500
008 221206b ||||| |||| 00| 0 eng d
020 _a9780443066269
041 _aeng
080 _2FIFTH EDITION
_a61
082 _a61HOT
100 _a2
101 _aMJK
245 _aGREEN'S OPERATIVE HAND SURGERY
_cGREEN HOTCHKISS
942 _2udc
_cBK
999 _c59116
_d59116